In nomine Dei! Csudai Sándor atya háborús naplója VI.

Bibliographic Details
Main Author: Csudai, Sándor, 1924-2007 (Author)
Format: Article
Language:Hungarian
PhysicalDescription:Fotogr.
ISSN:1335-6534
Subjects:

MARC

LEADER 00000nab a2200000 ar4500
001 vtls009157035
003 SK-MaSNL
005 20260319071222.0
008 180405c2007 xo |||||||| 000 b|hun
015 |a SNBRB2007/11  |2 snkbucl 
038 |a SNKBUCL 
040 |a DSZK  |b slo  |c DSZK  |e AACR2 
041 0 |a hun 
044 |a xo  |c SK 
080 |a 94(100)  |x "1939/1945"  |x (093.3)  |2 1997 
080 |a 355.48  |x "1939/1945"  |x (093.3)  |2 1997 
100 1 |a Csudai, Sándor,  |d 1924-2007  |4 aut  |9 743989 
245 1 0 |a In nomine Dei!  |b Csudai Sándor atya háborús naplója  |n VI. 
246 3 |a /Isten nevében!/ 
300 |b Fotogr. 
500 |a Pokračovanie 
650 0 7 |a druhá svetová vojna (1939-1945)  |2 snkbucl  |9 169657 
655 7 |a vojnové denníky  |2 snkbucl  |9 29305 
773 0 |t Remény  |g Évf. XVIII, sz. 44 (2007), o. 5  |x 1335-6534 
852 |a SNK  |b KIS3GCP 
852 |a DSZK  |b KIS3GCP 
958 |a HU 
958 |a SK 
999 |c 1746925  |d 1748855